[Event "Excelsior September op"]
[Site "Toronto CAN"]
[Date "2023.09.09"]
[Round "7.4"]
[White "Keleberda, Tymur"]
[Black "Sambuev, Bator"]
[Result "0-1"]
[WhiteElo "2245"]
[BlackElo "2480"]
[WhiteFideId "-1"]
[BlackFideId "-1"]
[PlyCount "80"]
[GameId "2160767907047255"]
[EventDate "2023.09.06"]
[EventType "swiss"]
[EventRounds "9"]
[EventCountry "CAN"]
[SourceTitle "10 Days #735"]
[Source "ChessMix "]
[SourceDate "2023.09.20"]
[SourceVersion "1"]
[SourceVersionDate "2023.09.20"]
[SourceQuality "1"]

1. e4 e6 2. d4 d5 3. Nc3 Nf6 4. e5 Nfd7 5. f4 c5 6. Nf3 Nc6 7. Ne2 Be7 8. c3 O-O 9. g3 b5 10. a3 a5 11. Bg2 b4 12. axb4 cxb4 13. O-O Nb6 14. g4 a4 15. cxb4 Nxb4 16. Rf2 f6 17. exf6 Bxf6 18. g5 Be7 19. Nc3 Bd6 20. Ne5 Ba6 21. Bh3 Qe7 22. Nxa4 Nxa4 23. Rxa4 Bxe5 24. fxe5 Rxf2 25. Kxf2 Rc8 26. Kg3 Rc6 27. Be3 Rb6 28. Qd2 Nc6 29. Qc2 Bc4 30. g6 Rb3 31. Ra8+ Nd8 32. Bxe6+ Kh8 33. Kf3 Qh4 34. Bg4 h5 35. Bf5 Qg5 36. Qf2 Qxf5+ 37. Kg2 Qxg6+ 38. Qg3 Qe4+ 39. Kg1 Rxe3 40. Rxd8+ Kh7 0-1

[Event "Excelsior September op"]
[Site "Toronto CAN"]
[Date "2023.09.10"]
[Round "9.3"]
[White "Mikhalevski, Victor"]
[Black "Keleberda, Tymur"]
[Result "1-0"]
[WhiteElo "2511"]
[BlackElo "2245"]
[WhiteFideId "-1"]
[BlackFideId "-1"]
[PlyCount "58"]
[GameId "2160767907047265"]
[EventDate "2023.09.06"]
[EventType "swiss"]
[EventRounds "9"]
[EventCountry "CAN"]
[SourceTitle "10 Days #735"]
[Source "ChessMix "]
[SourceDate "2023.09.20"]
[SourceVersion "1"]
[SourceVersionDate "2023.09.20"]
[SourceQuality "1"]

1. d4 Nf6 2. c4 e6 3. Nc3 Bb4 4. f3 d5 5. a3 Bxc3+ 6. bxc3 c5 7. cxd5 Nxd5 8. dxc5 Qa5 9. e4 Nf6 10. Be3 O-O 11. h4 Nfd7 12. h5 h6 13. g4 f6 14. Qb3 Na6 15. Qxe6+ Kh8 16. Bd4 Ndxc5 17. Qe7 Bxg4 18. Bxa6 Nxa6 19. fxg4 Rfe8 20. Qf7 Rxe4+ 21. Kf2 Rae8 22. Nf3 Re2+ 23. Kg1 Qb5 24. Rf1 R8e4 25. Rh4 Qc6 26. g5 Qd6 27. Ne5 Rxe5 28. Bxe5 Qc5+ 29. Rd4 Rxe5 1-0

[Event "Titled Tuesday 2023.08.15 Early"]
[Site "chess.com INT"]
[Date "2023.08.15"]
[Round "2"]
[White "Hakobyan, Aram"]
[Black "Keleberda, Tymur"]
[Result "1-0"]
[WhiteElo "2612"]
[BlackElo "2301"]
[WhiteFideId "-1"]
[BlackFideId "-1"]
[PlyCount "81"]
[GameId "2130307555715447"]
[EventDate "2023.08.15"]
[EventType "swiss (blitz)"]
[EventRounds "11"]
[EventCountry "NET"]
[SourceTitle "The Week in Chess 1502"]
[Source "Mark Crowther"]
[SourceDate "2023.08.21"]
[SourceVersion "3"]
[SourceVersionDate "2023.08.22"]
[SourceQuality "2"]

1. d4 Nf6 2. c4 e6 3. Nc3 Bb4 4. e3 Ne4 5. Nge2 b6 6. a3 Bxc3+ 7. bxc3 Bb7 8. f3 Nd6 9. Ng3 h5 10. c5 Nf5 11. e4 Nxg3 12. hxg3 h4 13. Bf4 bxc5 14. Rb1 Ba6 15. Rxb8 Rxb8 16. Bxa6 g5 17. Be3 cxd4 18. Bxd4 Rh6 19. gxh4 e5 20. Bc5 Rxh4 21. Rxh4 gxh4 22. Bd3 a5 23. Qd2 Qf6 24. Kf1 Rb3 25. Bc2 Rb2 26. Qc1 Rb5 27. Bf2 h3 28. Kg1 hxg2 29. Kxg2 Rb8 30. Qe3 Qc6 31. Qg5 Rb2 32. Qxe5+ Kf8 33. Bd3 Qg6+ 34. Qg3 Qh6 35. Qxc7 Qd2 36. Qg3 Qxd3 37. Kh3 Qxc3 38. Qd6+ Ke8 39. Kg4 Qg7+ 40. Kf4 Rb5 41. Bh4 1-0

[Event "CAN op"]
[Site "Calgary CAN"]
[Date "2023.07.22"]
[Round "1.11"]
[White "Zacharias, Nicholas"]
[Black "Keleberda, Tymur"]
[Result "0-1"]
[WhiteElo "1843"]
[BlackElo "2391"]
[WhiteFideId "-1"]
[BlackFideId "-1"]
[PlyCount "74"]
[GameId "2160767907085050"]
[EventDate "2023.07.22"]
[EventType "swiss"]
[EventRounds "10"]
[EventCountry "CAN"]

1. e4 c5 2. Nf3 d6 3. Bb5+ Nd7 4. O-O a6 5. Bxd7+ Bxd7 6. c3 Nf6 7. Re1 Bc6 8. d4 Bxe4 9. Bg5 Bg6 10. d5 Qd7 11. a4 e5 12. dxe6 fxe6 13. Nbd2 Be7 14. Nc4 Rd8 15. Bxf6 gxf6 16. Qe2 Bf7 17. Rad1 O-O 18. Nb6 Qc6 19. Nd5 Rde8 20. Nxe7+ Rxe7 21. Qd2 d5 22. Qh6 Bg6 23. Nh4 Rg7 24. Qf4 e5 25. Qd2 d4 26. f4 Re8 27. b4 cxb4 28. cxd4 Bc2 29. Rc1 b3 30. Nf5 Rd7 31. fxe5 fxe5 32. Qg5+ Kh8 33. dxe5 Rg8 34. Qxg8+ Kxg8 35. e6 Rc7 36. e7 Rc8 37. e8=Q+ Rxe8 0-1

[Event "CAN op"]
[Site "Calgary CAN"]
[Date "2023.07.23"]
[Round "2"]
[White "Keleberda, Tymur"]
[Black "Liu, Zachary Hankun"]
[Result "1-0"]
[WhiteElo "2302"]
[BlackElo "1776"]
[WhiteFideId "-1"]
[BlackFideId "-1"]
[PlyCount "87"]
[GameId "2160767907085088"]
[EventDate "2023.07.22"]
[EventType "swiss"]
[EventRounds "10"]
[EventCountry "CAN"]
[SourceTitle "EXT 2024"]
[Source "ChessBase"]
[SourceDate "2023.10.10"]
[SourceVersion "1"]
[SourceVersionDate "2023.10.10"]
[SourceQuality "1"]

1. e4 c5 2. Nf3 Nc6 3. Bb5 d6 4. h3 Bd7 5. c3 a6 6. Ba4 Nf6 7. Bc2 e5 8. O-O g5 9. Nxg5 Rg8 10. d4 h6 11. f4 hxg5 12. fxg5 Nh7 13. h4 Qe7 14. Bb3 Nd8 15. Qh5 Rg7 16. d5 b5 17. a4 bxa4 18. Bxa4 Bxa4 19. Rxa4 Qd7 20. Ra1 Be7 21. Qh6 Kf8 22. Rf5 Kg8 23. Qh5 Qb5 24. Qf3 Qb3 25. Nd2 Qc2 26. Nc4 Nf8 27. g3 Ng6 28. Bd2 Qb3 29. Qe2 Qb5 30. Qd3 Qb3 31. Rff1 Rh7 32. Ne3 Qb6 33. c4 Bf8 34. Ng4 Bg7 35. Ra3 Rb8 36. Bc1 Qb7 37. Qe2 Rc8 38. Raf3 Qd7 39. Rf5 Rb8 40. Nf6+ Bxf6 41. gxf6 Kf8 42. h5 Rb3 43. Qg4 Nh8 44. Bh6+ 1-0

[Event "CAN op"]
[Site "Calgary CAN"]
[Date "2023.07.23"]
[Round "3"]
[White "Zhong, April Yunwei"]
[Black "Keleberda, Tymur"]
[Result "0-1"]
[WhiteElo "1528"]
[BlackElo "2302"]
[WhiteFideId "-1"]
[BlackFideId "-1"]
[PlyCount "92"]
[GameId "2160767907085164"]
[EventDate "2023.07.22"]
[EventType "swiss"]
[EventRounds "10"]
[EventCountry "CAN"]
[SourceTitle "EXT 2024"]
[Source "ChessBase"]
[SourceDate "2023.10.10"]
[SourceVersion "1"]
[SourceVersionDate "2023.10.10"]
[SourceQuality "1"]

1. e4 c5 2. Nf3 d6 3. Bb5+ Nd7 4. c3 a6 5. Ba4 Ngf6 6. Qe2 b5 7. Bc2 e5 8. O-O Bb7 9. d4 cxd4 10. cxd4 Be7 11. Bg5 O-O 12. Rd1 Qc7 13. Nc3 h6 14. Bxf6 Nxf6 15. Rac1 exd4 16. Nxd4 Rfe8 17. Bb3 Qb6 18. Nf5 Bf8 19. Nd5 Bxd5 20. Bxd5 Nxd5 21. Rxd5 g6 22. Qg4 h5 23. Qg3 Rxe4 24. Nxd6 Qc6 25. Rdd1 Bxd6 26. Rxc6 Bxg3 27. hxg3 Re2 28. Rd7 Rxb2 29. Rf6 Rf8 30. Rxa6 b4 31. Rb7 Kg7 32. a3 Re8 33. Rxb4 Re1+ 34. Kh2 Rxf2 35. Rf4 Rd2 36. Raf6 Rdd1 37. Rxf7+ Kh6 38. g4 h4 39. g3 Rh1+ 40. Kg2 h3+ 41. Kf3 Rhf1+ 42. Ke2 Rfe1+ 43. Kf3 Rd3+ 44. Kf2 h2 45. Kxe1 h1=Q+ 46. Rf1 Qe4+ 0-1

[Event "CAN op"]
[Site "Calgary CAN"]
[Date "2023.07.24"]
[Round "4.5"]
[White "Keleberda, Tymur"]
[Black "Bareev, Evgeny"]
[Result "1/2-1/2"]
[WhiteElo "2391"]
[BlackElo "2721"]
[WhiteFideId "-1"]
[BlackFideId "-1"]
[PlyCount "89"]
[GameId "2160767907085237"]
[EventDate "2023.07.22"]
[EventType "swiss"]
[EventRounds "10"]
[EventCountry "CAN"]

1. e4 e6 2. d4 d5 3. Nc3 Nf6 4. e5 Nfd7 5. f4 c5 6. Nf3 Nc6 7. Ne2 Be7 8. c3 O-O 9. g3 b5 10. a3 a5 11. Bg2 a4 12. dxc5 Nxc5 13. Ned4 Na5 14. O-O Bd7 15. Qe2 Nc4 16. Be3 Qc7 17. Rad1 Ne4 18. Rde1 Rae8 19. Kh1 f6 20. exf6 Bxf6 21. Bc1 h6 22. Nc2 Be7 23. Ne3 Bd6 24. Nh4 Rf7 25. Ng4 e5 26. fxe5 Nxe5 27. Ne3 Qc5 28. Nhf5 Bf8 29. Nd4 Rxf1+ 30. Rxf1 g6 31. Nxd5 Qxd5 32. Bxe4 Qc5 33. Bg2 Bg7 34. Qe4 Kh7 35. Qc2 Re7 36. Be3 Qc4 37. Bg1 Qd3 38. Qc1 Qc4 39. Rd1 Bg4 40. Rd2 h5 41. Qe1 Bh6 42. Rf2 Nc6 43. Qf1 Nxd4 44. cxd4 Qxf1 45. Rxf1 1/2-1/2

[Event "CAN op"]
[Site "Calgary CAN"]
[Date "2023.07.25"]
[Round "5"]
[White "Keleberda, Tymur"]
[Black "Bitan, Banerjee"]
[Result "0-1"]
[WhiteElo "2302"]
[BlackElo "2397"]
[WhiteFideId "-1"]
[BlackFideId "-1"]
[PlyCount "118"]
[GameId "2160767907093484"]
[EventDate "2023.07.22"]
[EventType "swiss"]
[EventRounds "10"]
[EventCountry "CAN"]
[SourceTitle "CBM 215 Extra"]
[Source "ChessBase"]
[SourceDate "2023.09.30"]
[SourceVersion "1"]
[SourceVersionDate "2023.09.30"]
[SourceQuality "1"]

1. e4 e6 2. d4 d5 3. Nc3 Be7 4. e5 c5 5. Nf3 Nc6 6. a3 a6 7. dxc5 Qc7 8. Be3 Nxe5 9. Nxe5 Qxe5 10. Qd4 Bf6 11. Qa4+ Bd7 12. Bb5 Rd8 13. Bxd7+ Rxd7 14. O-O-O Ne7 15. Bf4 Bg5 16. Bxg5 Qxg5+ 17. Kb1 Nc6 18. h4 Qe7 19. Qg4 O-O 20. Na4 Qf6 21. f4 Nd4 22. Qg5 Qxg5 23. hxg5 Ne2 24. Rh4 f6 25. f5 fxg5 26. fxe6 Re7 27. Rb4 d4 28. Rb6 h5 29. Re1 Rf2 30. Rd6 h4 31. Nb6 Nf4 32. Nc8 Rxe6 33. Rdxe6 Nxe6 34. Rxe6 Rxg2 35. Re1 h3 36. Rh1 h2 37. Ka2 Re2 38. Nd6 g6 39. Kb3 g4 40. Ne4 Rxe4 41. Rxh2 g3 42. Rg2 Rg4 43. Kc4 Kf7 44. b4 Ke6 45. a4 Ke5 46. b5 axb5+ 47. axb5 Kf4 48. Rg1 Kf3 49. c6 bxc6 50. bxc6 Rh4 51. c7 Rh8 52. Rf1+ Kg4 53. Rd1 Rc8 54. Rxd4+ Kh3 55. Rd5 Rxc7+ 56. Kd3 g2 57. Rg5 Rc6 58. Ke3 Kh2 59. Kf2 Rf6+ 0-1

[Event "CAN op"]
[Site "Calgary CAN"]
[Date "2023.07.26"]
[Round "6.11"]
[White "Tolentino, Patrick Angelo"]
[Black "Keleberda, Tymur"]
[Result "1-0"]
[WhiteElo "2201"]
[BlackElo "2391"]
[WhiteFideId "-1"]
[BlackFideId "-1"]
[PlyCount "68"]
[GameId "2160767907093568"]
[EventDate "2023.07.22"]
[EventType "swiss"]
[EventRounds "10"]
[EventCountry "CAN"]

1. d4 Nf6 2. c4 g6 3. Nc3 d5 4. cxd5 Nxd5 5. e4 Nxc3 6. bxc3 c5 7. Bc4 Bg7 8. Ne2 Nc6 9. Be3 O-O 10. O-O Na5 11. Bd3 c4 12. Bc2 b6 13. Qd2 e5 14. f4 exd4 15. Nxd4 Re8 16. Rad1 Qe7 17. Qf2 f5 18. e5 Ba6 19. h4 Nb7 20. g4 fxg4 21. h5 Nc5 22. hxg6 Nd3 23. Rxd3 cxd3 24. Bb3+ Kh8 25. Nf5 Qb7 26. Qh4 Bf8 27. Bf7 Qxf7 28. gxf7 Re6 29. Bd4 Bc5 30. Bxc5 bxc5 31. Qg5 Rg6 32. Qe7 Bc4 33. f8=Q+ Rxf8 34. Qxf8+ Bg8 1-0

[Event "CAN op"]
[Site "Calgary CAN"]
[Date "2023.07.27"]
[Round "7.18"]
[White "Su, Ethan"]
[Black "Keleberda, Tymur"]
[Result "0-1"]
[WhiteElo "2071"]
[BlackElo "2391"]
[WhiteFideId "-1"]
[BlackFideId "-1"]
[PlyCount "52"]
[GameId "2160767907093640"]
[EventDate "2023.07.22"]
[EventType "swiss"]
[EventRounds "10"]
[EventCountry "CAN"]

1. d4 Nf6 2. c4 e6 3. g3 d5 4. Bg2 dxc4 5. Nf3 Bb4+ 6. Bd2 a5 7. a3 Bxd2+ 8. Nbxd2 b5 9. a4 c6 10. Qc2 Nd5 11. O-O O-O 12. h4 h6 13. Ne5 Bb7 14. Ne4 Na6 15. Rfd1 Qc7 16. b3 Nab4 17. Qb2 cxb3 18. Qxb3 Ba6 19. Nc5 bxa4 20. Nxa6 axb3 21. Nxc7 Nxc7 22. Rdb1 a4 23. Nxc6 Nc2 24. Ne7+ Kh8 25. Bxa8 Rxa8 26. Rxb3 axb3 0-1

[Event "CAN op"]
[Site "Calgary CAN"]
[Date "2023.07.28"]
[Round "8.13"]
[White "Keleberda, Tymur"]
[Black "Perelman, Leon"]
[Result "1/2-1/2"]
[WhiteElo "2391"]
[BlackElo "2129"]
[WhiteFideId "-1"]
[BlackFideId "-1"]
[PlyCount "130"]
[GameId "2160767907093702"]
[EventDate "2023.07.22"]
[EventType "swiss"]
[EventRounds "10"]
[EventCountry "CAN"]

1. e4 c6 2. d4 d5 3. e5 c5 4. dxc5 e6 5. Be3 Nh6 6. c3 Nf5 7. Bd4 Bd7 8. f4 Nc6 9. Nf3 Nfxd4 10. cxd4 b6 11. cxb6 Qxb6 12. Qd2 Rb8 13. Nc3 Qxb2 14. Rb1 Qxd2+ 15. Kxd2 Rxb1 16. Nxb1 Bb4+ 17. Ke3 O-O 18. Nbd2 Rb8 19. Bd3 Ba3 20. Nb3 Nb4 21. Bb1 Bb5 22. Nfd2 Rc8 23. Nc5 a5 24. f5 Na6 25. fxe6 Nxc5 26. exf7+ Kxf7 27. dxc5 Bxc5+ 28. Kf4 g5+ 29. Kg3 Be3 30. Nf3 h5 31. Bf5 Rc3 32. Rb1 Bc6 33. h3 d4 34. Rb8 d3 35. e6+ Ke7 36. Rh8 h4+ 37. Kg4 d2 38. Rh7+ Kd6 39. Nxd2 Bxd2 40. Rh8 Bf4 41. Kh5 Bxg2 42. Rd8+ Ke7 43. Rd7+ Kf6 44. Bg4 Bc6 45. Rf7+ Ke5 46. Kh6 Re3 47. Rf5+ Kd6 48. Rxa5 Rg3 49. Ra6 Rc3 50. Kg6 Be3 51. Kf7 Bc5 52. e7 Re3 53. Rxc6+ Kxc6 54. e8=Q+ Rxe8 55. Kxe8 Kb6 56. Be2 Ka5 57. Kd7 Be3 58. Kc6 Bf4 59. Kd5 Be3 60. Bd3 Bf4 61. Bg6 Be3 62. Kc4 Bf4 63. Kc3 Be3 64. a3 Bf4 65. Be8 Be3 1/2-1/2

[Event "CAN op"]
[Site "Calgary CAN"]
[Date "2023.07.29"]
[Round "9.11"]
[White "Mendes, Aaron Reeve"]
[Black "Keleberda, Tymur"]
[Result "1-0"]
[WhiteElo "2305"]
[BlackElo "2391"]
[WhiteFideId "-1"]
[BlackFideId "-1"]
[PlyCount "93"]
[GameId "2160767907101959"]
[EventDate "2023.07.22"]
[EventType "swiss"]
[EventRounds "10"]
[EventCountry "CAN"]

1. e4 e6 2. Nf3 d5 3. Nc3 Nf6 4. e5 Nfd7 5. d4 c5 6. Ne2 cxd4 7. Nexd4 Nc6 8. Bf4 Be7 9. c3 g5 10. Nxg5 Bxg5 11. Nxe6 Bxf4 12. Nxd8 Kxd8 13. Qxd5 Re8 14. Be2 Bxe5 15. O-O Kc7 16. Qxf7 Re7 17. Qb3 Nf6 18. Bf3 Bd7 19. Rfe1 Rae8 20. Re3 Bf4 21. Rxe7 Rxe7 22. Qa4 Bd6 23. Rd1 a6 24. Qh4 Re6 25. g3 Ne5 26. Bg2 h5 27. Qd4 Nc6 28. Qc4 Ng4 29. Bxc6 bxc6 30. Qxa6 h4 31. h3 Nf6 32. Qa5+ Kc8 33. g4 Kb7 34. Qg5 Kc7 35. Qxh4 Ne4 36. f3 Be7 37. Qe1 Bc5+ 38. Kg2 Nf6 39. Qg3+ Bd6 40. Rxd6 Rxd6 41. c4 c5 42. b4 Kc6 43. b5+ Kc7 44. Qe5 Bc8 45. Qxc5+ Kd7 46. a4 Bb7 47. a5 1-0

[Event "CAN op"]
[Site "Calgary CAN"]
[Date "2023.07.30"]
[Round "10.18"]
[White "Keleberda, Tymur"]
[Black "Li, Adam"]
[Result "1-0"]
[WhiteElo "2391"]
[BlackElo "1988"]
[WhiteFideId "-1"]
[BlackFideId "-1"]
[PlyCount "69"]
[GameId "2160767907102026"]
[EventDate "2023.07.22"]
[EventType "swiss"]
[EventRounds "10"]
[EventCountry "CAN"]

1. e4 e5 2. Nf3 Nc6 3. Bc4 Bc5 4. c3 Nf6 5. d4 exd4 6. e5 d5 7. Bb5 Ne4 8. cxd4 Bb6 9. Nc3 a6 10. Bxc6+ bxc6 11. Be3 O-O 12. Rc1 Nxc3 13. bxc3 Bg4 14. h3 Bxf3 15. Qxf3 f6 16. Qg3 fxe5 17. dxe5 c5 18. O-O Qe7 19. Bg5 Qf7 20. c4 d4 21. f4 Qg6 22. Qf3 Rae8 23. Rce1 Ba5 24. Re4 Bd2 25. Bh4 Qf7 26. f5 Be3+ 27. Kh1 g6 28. Bf6 Qxc4 29. fxg6 hxg6 30. Rh4 Qe6 31. Rh8+ Kf7 32. Rh7+ Kg8 33. Rg7+ Kh8 34. Rxg6+ Kh7 35. Qh5+ 1-0

[Event "CYCC U18"]
[Site "Calgary CAN"]
[Date "2023.07.19"]
[Round "1.2"]
[White "Yoker, Callum"]
[Black "Keleberda, Tymur"]
[Result "0-1"]
[WhiteElo "1652"]
[BlackElo "2391"]
[WhiteFideId "-1"]
[BlackFideId "-1"]
[PlyCount "74"]
[GameId "2160767907140162"]
[EventDate "2023.07.19"]
[EventType "swiss"]
[EventRounds "5"]
[EventCountry "CAN"]

1. d4 Nf6 2. Nf3 d5 3. g3 e6 4. Bg2 b5 5. a4 c6 6. O-O Nbd7 7. Nbd2 Bb7 8. Nb3 b4 9. Bf4 Ba6 10. Nc1 c5 11. dxc5 Bxc5 12. Nd3 Be7 13. Bd2 Qb6 14. c3 bxc3 15. Bxc3 O-O 16. Bd4 Qb7 17. Rb1 Rab8 18. Nfe5 Nxe5 19. Bxe5 Rbc8 20. b4 Bc4 21. b5 Nd7 22. Bd4 Qc7 23. Qd2 Rfd8 24. Rfc1 Nc5 25. Bxc5 Bxc5 26. Nxc5 Qxc5 27. e3 g6 28. Qd4 Qxd4 29. exd4 Bd3 30. Ra1 Rc4 31. Rxc4 dxc4 32. a5 c3 33. b6 axb6 34. axb6 e5 35. b7 c2 36. d5 e4 37. f3 Rb8 0-1

[Event "CYCC U18"]
[Site "Calgary CAN"]
[Date "2023.07.19"]
[Round "2.2"]
[White "Keleberda, Tymur"]
[Black "Jacobs, Michael"]
[Result "1-0"]
[WhiteElo "2391"]
[BlackElo "2026"]
[WhiteFideId "-1"]
[BlackFideId "-1"]
[PlyCount "51"]
[GameId "2160767907140176"]
[EventDate "2023.07.19"]
[EventType "swiss"]
[EventRounds "5"]
[EventCountry "CAN"]

1. e4 c6 2. d4 d5 3. f3 dxe4 4. fxe4 e5 5. Nf3 Bg4 6. Bc4 Nd7 7. c3 Bh5 8. O-O Ngf6 9. Be3 Be7 10. dxe5 Bxf3 11. Bxf7+ Kxf7 12. Qb3+ Ke8 13. exf6 Bxf6 14. gxf3 Nb6 15. Nd2 Qc7 16. f4 Qf7 17. Qc2 Rd8 18. Rae1 h5 19. e5 Be7 20. Ne4 Nd5 21. f5 Nxe3 22. Rxe3 Qd5 23. f6 gxf6 24. exf6 Rg8+ 25. Ng3 Qc5 26. Qf2 1-0

[Event "CYCC U18"]
[Site "Calgary CAN"]
[Date "2023.07.20"]
[Round "3.2"]
[White "Gao, Raymond"]
[Black "Keleberda, Tymur"]
[Result "0-1"]
[WhiteElo "2222"]
[BlackElo "2391"]
[WhiteFideId "-1"]
[BlackFideId "-1"]
[PlyCount "116"]
[GameId "2160767907140190"]
[EventDate "2023.07.19"]
[EventType "swiss"]
[EventRounds "5"]
[EventCountry "CAN"]

1. e4 c5 2. Nf3 d6 3. d4 cxd4 4. Nxd4 Nf6 5. Nc3 a6 6. Nb3 Nbd7 7. a4 b6 8. g4 h6 9. Bg2 Bb7 10. Qe2 Rc8 11. h3 Qc7 12. O-O g6 13. f4 e5 14. f5 g5 15. Be3 Be7 16. Rac1 Qb8 17. Nd5 Bxd5 18. exd5 Qb7 19. c4 a5 20. Nd2 Nc5 21. Bxc5 bxc5 22. b3 Qb4 23. Qd3 h5 24. Bf3 hxg4 25. hxg4 Rh4 26. Qe2 Kd7 27. Kg2 Rch8 28. Rh1 Qa3 29. Rxh4 Rxh4 30. Rh1 e4 31. Nxe4 Nxe4 32. Rxh4 gxh4 33. Qxe4 Qxb3 34. Qf4 Qa2+ 35. Kf1 Bf6 36. g5 Bd4 37. Qxh4 Qxc4+ 38. Kg2 Qxa4 39. Qh7 Qc2+ 40. Kh3 Be5 41. Qxf7+ Kd8 42. Qf8+ Kc7 43. Qe7+ Kb6 44. Kg4 Qh2 45. Qd7 Qf4+ 46. Kh5 Qxf3+ 47. Kg6 Qxd5 48. f6 Qg8+ 49. Qg7 Qxg7+ 50. Kxg7 a4 51. Kh7 a3 52. f7 a2 53. f8=Q a1=Q 54. Qd8+ Kb5 55. Qd7+ Kc4 56. Qg4+ Qd4 57. Qe6+ Kc3 58. Qf5 Qd3 0-1

[Event "CYCC U18"]
[Site "Calgary CAN"]
[Date "2023.07.20"]
[Round "4.1"]
[White "Keleberda, Tymur"]
[Black "Issani, Nameer"]
[Result "1-0"]
[WhiteElo "2391"]
[BlackElo "2242"]
[WhiteFideId "-1"]
[BlackFideId "-1"]
[PlyCount "69"]
[GameId "2160767907140203"]
[EventDate "2023.07.19"]
[EventType "swiss"]
[EventRounds "5"]
[EventCountry "CAN"]

1. e4 e5 2. Nf3 Nc6 3. Bc4 Bc5 4. c3 Nf6 5. d4 exd4 6. e5 d5 7. Bb5 Ne4 8. cxd4 Bb4+ 9. Bd2 Bxd2+ 10. Nbxd2 O-O 11. O-O Bg4 12. Bxc6 Nxd2 13. Qxd2 bxc6 14. Ne1 Rb8 15. Rc1 Qd7 16. Nd3 Bf5 17. Nc5 Qe7 18. Rc3 Rb5 19. Rf3 Bg4 20. Rg3 Bf5 21. Rf3 Bg4 22. Re3 Bf5 23. h3 Qg5 24. f4 Qh4 25. a4 Rbb8 26. b3 Rb6 27. g4 Bc8 28. f5 h5 29. Kg2 Qg5 30. h4 Qxh4 31. Rh3 Qd8 32. Rxh5 f6 33. e6 Re8 34. Rfh1 Kf8 35. g5 1-0

[Event "CYCC U18"]
[Site "Calgary CAN"]
[Date "2023.07.21"]
[Round "5.1"]
[White "Doknjas, Neil"]
[Black "Keleberda, Tymur"]
[Result "1/2-1/2"]
[WhiteElo "2297"]
[BlackElo "2391"]
[WhiteFideId "-1"]
[BlackFideId "-1"]
[PlyCount "78"]
[GameId "2160767907140217"]
[EventDate "2023.07.19"]
[EventType "swiss"]
[EventRounds "5"]
[EventCountry "CAN"]

1. d4 Nf6 2. c4 e6 3. Nc3 Bb4 4. e3 b6 5. Nge2 Ne4 6. Bd2 Nxc3 7. Nxc3 Bb7 8. a3 Bxc3 9. Bxc3 d5 10. cxd5 exd5 11. Bd3 Nd7 12. Qh5 Nf6 13. Qe5+ Qe7 14. Qxe7+ Kxe7 15. Rc1 g6 16. f3 Kd7 17. g4 Rhe8 18. Kf2 a5 19. h4 Re6 20. h5 Ne8 21. hxg6 hxg6 22. Rh7 Nd6 23. Re1 Bc6 24. g5 Rf8 25. b4 a4 26. b5 Bxb5 27. Bxb5+ Nxb5 28. Bb4 Nd6 29. e4 c5 30. dxc5 bxc5 31. Bxc5 dxe4 32. fxe4 Re5 33. Bb4 Ke6 34. Kf3 Rd8 35. Rd1 Rxg5 36. Rxd6+ Rxd6 37. Bxd6 Kxd6 38. Rxf7 Rh5 39. Kg4 Ra5 1/2-1/2

[Event "CYCC U18"]
[Site "Calgary CAN"]
[Date "2023.07.21"]
[Round "6.1"]
[White "Keleberda, Tymur"]
[Black "Chandra, Anand"]
[Result "1-0"]
[WhiteElo "2391"]
[BlackElo "2199"]
[WhiteFideId "-1"]
[BlackFideId "-1"]
[PlyCount "133"]
[GameId "2160767907140230"]
[EventDate "2023.07.19"]
[EventType "swiss"]
[EventRounds "5"]
[EventCountry "CAN"]

1. e4 e5 2. Nf3 Nc6 3. Bc4 Nf6 4. d4 exd4 5. e5 d5 6. Bb5 Ne4 7. Nxd4 Bd7 8. Bxc6 bxc6 9. O-O Be7 10. f3 Nc5 11. Be3 O-O 12. Nb3 Nxb3 13. axb3 Be6 14. f4 f5 15. Ra5 Bb4 16. Ra6 Bc8 17. Ra4 a5 18. Qf3 Be6 19. Qf2 Qb8 20. Nc3 Rd8 21. Rd1 Bf7 22. Bd4 Rd7 23. Ra2 c5 24. Bxc5 d4 25. Na4 d3 26. Qe3 Bxc5 27. Nxc5 Qb6 28. Kf2 Rad8 29. Raa1 Rd4 30. Nxd3 Bxb3 31. cxb3 Qxb3 32. Qe2 Rxd3 33. Rxd3 Rxd3 34. Rxa5 Qb6+ 35. Kf1 Rd4 36. Ra8+ Kf7 37. e6+ Ke7 38. Qe5 Rd1+ 39. Ke2 Re1+ 40. Kxe1 Qg1+ 41. Kd2 Qxg2+ 42. Ke3 Qxa8 43. Qxg7+ Kxe6 44. Qe5+ Kf7 45. Qxf5+ Kg8 46. Qg5+ Kf7 47. Qf5+ Kg8 48. Qe6+ Kf8 49. f5 Qa7+ 50. Ke2 Qc5 51. f6 Qc2+ 52. Ke3 Qc5+ 53. Kf3 Qh5+ 54. Ke3 Qc5+ 55. Kd2 Qd4+ 56. Kc2 Qa4+ 57. Kc1 Qa1+ 58. Kc2 Qa4+ 59. b3 Qa2+ 60. Kd3 Qb1+ 61. Kc3 Qc1+ 62. Kb4 Qd2+ 63. Kb5 Qd3+ 64. Kc6 Qc3+ 65. Kd7 Qd4+ 66. Kc8 Qd6 67. Qe7+ 1-0

[Event "Titled Tuesday 2023.07.18 Early"]
[Site "Chess.com INT"]
[Date "2023.07.18"]
[Round "4"]
[White "Keleberda, Tymur"]
[Black "Kosteniuk, Alexandra"]
[Result "0-1"]
[WhiteElo "2302"]
[BlackElo "2532"]
[WhiteFideId "-1"]
[BlackFideId "-1"]
[PlyCount "52"]
[GameId "1938373563412480"]
[EventDate "2023.07.18"]
[EventType "swiss (blitz)"]
[EventRounds "11"]
[EventCountry "NET"]
[SourceTitle "EXT 2024"]
[Source "ChessBase"]
[SourceDate "2023.10.10"]
[SourceVersion "1"]
[SourceVersionDate "2023.10.10"]
[SourceQuality "1"]

1. e4 c6 2. d4 d5 3. e5 c5 4. dxc5 e6 5. Be3 Nc6 6. f4 d4 7. Bf2 Bxc5 8. Nf3 Nge7 9. Bd3 Ng6 10. g3 O-O 11. O-O f6 12. exf6 gxf6 13. Nbd2 e5 14. c3 Bh3 15. Re1 dxc3 16. Bc4+ Kh8 17. Bxc5 cxd2 18. Re3 exf4 19. Rd3 Qa5 20. Bxf8 Rxf8 21. Qxd2 Qc5+ 22. Nd4 Nge5 23. Rd1 Nxd4 24. Rxd4 Nf3+ 25. Kf2 Nxd2 26. R1xd2 Rd8 0-1

[Event "Titled Tuesday 2023.07.18 Late"]
[Site "chess.com INT"]
[Date "2023.07.18"]
[Round "2"]
[White "Bortnyk, Mykola"]
[Black "Keleberda, Tymur"]
[Result "1-0"]
[WhiteElo "2421"]
[BlackElo "2302"]
[WhiteFideId "-1"]
[BlackFideId "-1"]
[PlyCount "79"]
[GameId "2130307557272499"]
[EventDate "2023.07.18"]
[EventType "swiss (blitz)"]
[EventRounds "11"]
[EventCountry "NET"]
[SourceTitle "The Week in Chess 1498"]
[Source "Mark Crowther"]
[SourceDate "2023.07.24"]
[SourceVersion "2"]
[SourceVersionDate "2023.07.25"]
[SourceQuality "2"]

1. e4 c5 2. c3 d5 3. exd5 Qxd5 4. d4 cxd4 5. cxd4 Nc6 6. Nf3 e5 7. Nc3 Bb4 8. dxe5 Qxd1+ 9. Kxd1 Bxc3 10. bxc3 Bg4 11. Kc2 Nge7 12. Rb1 Bf5+ 13. Bd3 Bxd3+ 14. Kxd3 O-O-O+ 15. Kc2 Ng6 16. Re1 Rhe8 17. Rb5 Kc7 18. Ba3 a6 19. Bd6+ Kc8 20. Rc5 f6 21. Re3 fxe5 22. Bxe5 Ngxe5 23. Nxe5 Kc7 24. Nxc6 bxc6 25. Rce5 Rxe5 26. Rxe5 Rd7 27. a4 Kd6 28. Ra5 Ra7 29. Kd3 g6 30. h4 Kc7 31. h5 Kb6 32. Rg5 gxh5 33. a5+ Kb7 34. Rg7+ Ka8 35. Rxa7+ Kxa7 36. Kd4 Kb8 37. Ke5 Kc7 38. Ke6 h4 39. c4 h6 40. Ke7 1-0